000 00488nam a22001457a 4500
003 macl
005 20181104161308.0
008 181104b xxu||||| |||| 00| 0 eng d
040 _cmacl
100 _aडॉ शादाब अहमद सिददीकी
_931587
245 _aमध्‍यप्रदेश सम्‍पूर्ण अध्‍ययन
260 _aआगरा
_bउपकार
_c2018
650 _aसा अध्‍ययन
_973115
942 _2ddc
_cHIN
999 _c58542
_d58542